[Event "17th Asian Cities"]
[Site "Jakarta INA"]
[Date "2011.04.23"]
[Round "3.11"]
[White "Wong, Meng Kong"]
[Black "Jayamurthey, Pavitranayagi"]
[Result "1-0"]
[WhiteTitle "GM"]
[WhiteElo "2358"]
[BlackElo "1676"]
[WhiteTeam "Singapore"]
[BlackTeam "Putrajaya"]
[WhiteFideId "5800030"]
[BlackFideId "5708885"]
[EventDate "2011.04.22"]

1. c4 e5 2. g3 Nf6 3. Bg2 Nc6 4. Nc3 Bc5 5. e3 O-O 6. Nge2 Bb4 7. a3 Bxc3 8.
Nxc3 Ne7 9. d4 Ng6 10. O-O d6 11. Qc2 c6 12. b4 Be6 13. d5 cxd5 14. cxd5 Bd7 15.
Bd2 Rc8 16. Rfc1 Ne8 17. Be1 f5 18. f3 Nf6 19. Qd2 Qe7 20. e4 fxe4 21. fxe4 a6
22. Nd1 Qf7 23. Rxc8 Bxc8 24. Nf2 Bd7 25. Rc1 Bb5 26. Bh3 h6 27. Be6 1-0

[Event "17th Asian Cities"]
[Site "Jakarta INA"]
[Date "2011.04.23"]
[Round "3.12"]
[White "Lee, Sanghoon"]
[Black "Tsang, Hon Ki"]
[Result "1/2-1/2"]
[WhiteTitle "CM"]
[WhiteElo "2132"]
[BlackElo "2079"]
[WhiteTeam "Seoul"]
[BlackTeam "Hongkong"]
[WhiteFideId "13200011"]
[BlackFideId "6000185"]
[EventDate "2011.04.22"]

1. Nf3 d6 2. d4 f5 3. g3 g6 4. Bg2 Bg7 5. O-O Nc6 6. c4 e5 7. d5 Nb8 8. Nc3 Nf6
9. b4 O-O 10. c5 e4 11. Ne1 dxc5 12. bxc5 Nxd5 13. Qxd5+ Qxd5 14. Nxd5 Bxa1 15.
Nxc7 Na6 16. Nxa8 Bd7 17. Nc2 Bg7 18. f3 Rxa8 19. fxe4 Nxc5 20. exf5 Bxf5 21.
Be3 Rc8 22. Nd4 Be4 23. Bh3 Re8 24. Nb5 Bc6 25. Bxc5 Bxb5 26. Bxa7 Rxe2 27. Rd1
Kf7 28. Bg2 Ke8 29. Bb6 Rxa2 30. Bxb7 Ra1 31. Rxa1 Bxa1 32. Kf2 Bc4 33. Ke3 Kf7
34. Bd4 Bxd4+ 35. Kxd4 Bb3 36. Ke5 Be6 37. h4 h5 38. Be4 Bb3 39. Bf3 Be6 40. Be2
Bb3 41. g4 hxg4 42. Bxg4 1/2-1/2

[Event "17th Asian Cities"]
[Site "Jakarta INA"]
[Date "2011.04.23"]
[Round "3.12"]
[White "Lee, T H Bryan"]
[Black "Jang, Kyungsik"]
[Result "1-0"]
[WhiteElo "1964"]
[BlackElo "1779"]
[WhiteTeam "Hongkong"]
[BlackTeam "Seoul"]
[WhiteFideId "6000584"]
[BlackFideId "13201166"]
[EventDate "2011.04.22"]

1. e4 c5 2. Nf3 d6 3. d4 cxd4 4. Nxd4 Nf6 5. Nc3 g6 6. Be3 Bg7 7. f3 O-O 8. Qd2
Nc6 9. O-O-O d5 10. Kb1 Nxd4 11. e5 Nxf3 12. gxf3 Nd7 13. Nxd5 Bxe5 14. Bg5 Re8
15. Bb5 Bd6 16. Rhe1 a6 17. Ba4 b5 18. Bb3 a5 19. Nxe7+ Bxe7 20. Qd5 Kh8 21.
Bxe7 Rxe7 22. Rxe7 Qxe7 23. Qxa8 Qe8 24. Bxf7 Qxf7 25. Qxc8+ Nf8 26. Rd8 Kg8 27.
Rxf8+ Qxf8 28. Qxf8+ Kxf8 29. c4 bxc4 30. Kc2 1-0

[Event "17th Asian Cities"]
[Site "Jakarta INA"]
[Date "2011.04.23"]
[Round "3.12"]
[White "Kim, Taegyeong"]
[Black "Tsao, Yui"]
[Result "0-1"]
[WhiteTitle "WCM"]
[WhiteElo "1506"]
[BlackElo "1775"]
[WhiteTeam "Seoul"]
[BlackTeam "Hongkong"]
[WhiteFideId "13200976"]
[BlackFideId "6001114"]
[EventDate "2011.04.22"]

1. c4 e6 2. d4 Nf6 3. Nc3 d5 4. cxd5 exd5 5. Bg5 Be7 6. e3 O-O 7. Bd3 Re8 8. Qc2
Nbd7 9. Nf3 c6 10. O-O h6 11. Bh4 Ne4 12. Bxe7 Qxe7 13. Bxe4 dxe4 14. Nd2 Nf6
15. Rab1 a5 16. a3 b6 17. b4 Ba6 18. b5 cxb5 19. Nxb5 Rac8 20. Qa2 Qd7 21. a4
Nd5 22. Nc4 Bxb5 23. Rxb5 Nc3 24. Nxb6 Qxb5 25. axb5 Nxa2 26. Nxc8 Rxc8 27. Kh1
Rb8 28. h3 Rxb5 29. Rd1 Nc3 30. Rc1 Rb1 31. Rxb1 Nxb1 32. d5 Kf8 33. d6 Ke8 0-1

[Event "17th Asian Cities"]
[Site "Jakarta INA"]
[Date "2011.04.25"]
[Round "4.1"]
[White "Li, Chao b"]
[Black "Moradiabadi, Elshan"]
[Result "1-0"]
[WhiteTitle "GM"]
[BlackTitle "GM"]
[WhiteElo "2646"]
[BlackElo "2537"]
[WhiteTeam "Shi Jiazhuang"]
[BlackTeam "Tehran"]
[WhiteFideId "8604436"]
[BlackFideId "12501255"]
[EventDate "2011.04.22"]

1. d4 d5 2. c4 e6 3. Nf3 Nf6 4. g3 Bb4+ 5. Bd2 Bxd2+ 6. Qxd2 O-O 7. Bg2 c6 8.
O-O b6 9. Ne5 Bb7 10. Rc1 Nbd7 11. cxd5 cxd5 12. Nc3 a6 13. Na4 Rc8 14. Qb4 Nxe5
15. dxe5 Nd7 16. Rxc8 Bxc8 17. Qd6 b5 18. Nc5 Nxc5 19. Qxc5 Bb7 20. Rc1 Qa8 21.
Qb6 Rc8 22. Rc7 Rxc7 23. Qxc7 a5 24. e3 b4 25. Bf1 g6 26. Bb5 Kg7 27. h4 Qc8 28.
Qxc8 Bxc8 29. f4 Kf8 30. Kf2 Ke7 31. Ke2 Bd7 32. Ba6 Kd8 33. Kd3 Kc7 34. Kd4 Kb6
35. Be2 Bb5 36. Bd1 Be8 37. h5 h6 38. Bf3 Kc6 39. Bg4 Bd7 40. Bd1 Kb6 41. g4
gxh5 42. g5 hxg5 43. Bxh5 gxf4 44. exf4 Kc7 45. Bxf7 Kd8 46. Kc5 Ke7 47. Bg6 Be8
48. Bd3 Bd7 49. b3 Kd8 50. Kd6 Ke8 51. Bg6+ Kd8 52. f5 Be8 53. Bxe8 1-0

[Event "17th Asian Cities"]
[Site "Jakarta INA"]
[Date "2011.04.25"]
[Round "4.1"]
[White "Mahjoob, Morteza"]
[Black "Wan, Yunguo"]
[Result "1/2-1/2"]
[WhiteTitle "GM"]
[WhiteElo "2487"]
[BlackElo "2458"]
[WhiteTeam "Tehran"]
[BlackTeam "Shi Jiazhuang"]
[WhiteFideId "12500798"]
[BlackFideId "8603189"]
[EventDate "2011.04.22"]

1. e4 e6 2. d4 d5 3. Nc3 Bb4 4. e5 c5 5. a3 Bxc3+ 6. bxc3 Ne7 7. Qg4 O-O 8. Bd3
Nbc6 9. Nf3 f5 10. exf6 Rxf6 11. Bg5 e5 12. Bxh7+ Kxh7 13. Qh5+ Kg8 14. Bxf6
gxf6 15. dxe5 Qf8 16. O-O Bf5 17. Rfe1 Qg7 18. exf6 Qxf6 19. Nh4 Rf8 20. Nxf5
Qxf5 21. Qe2 Ng6 22. Qe6+ Kg7 23. Qxf5 Rxf5 24. Rab1 b6 25. Re8 Kf7 26. Rc8 Nge7
27. Ra8 Rf4 28. g3 Rf3 29. h4 Rxc3 30. h5 Rxc2 31. Kg2 Kg7 32. Re1 d4 33. Re6 d3
34. h6+ Kh7 35. Rf8 d2 36. Rf7+ Kg8 37. Ref6 Kh8 38. Rg7 Ng8 39. Rff7 Nxh6 1/2-1/2

[Event "17th Asian Cities"]
[Site "Jakarta INA"]
[Date "2011.04.25"]
[Round "4.1"]
[White "Wang, Rui"]
[Black "Mallahi, Amir"]
[Result "1-0"]
[WhiteTitle "GM"]
[BlackTitle "IM"]
[WhiteElo "2437"]
[BlackElo "2360"]
[WhiteTeam "Shi Jiazhuang"]
[BlackTeam "Tehran"]
[WhiteFideId "8601003"]
[BlackFideId "12500577"]
[EventDate "2011.04.22"]

1. d4 d5 2. Nf3 Nf6 3. c4 dxc4 4. Qa4+ Nc6 5. Qxc4 Bg4 6. Nbd2 Qd5 7. e3 e6 8.
Be2 Be7 9. O-O O-O 10. b3 Rad8 11. h3 Bh5 12. Bb2 Ne4 13. Nxe4 Qxe4 14. Rfc1 Bd6
15. Nd2 Qh4 16. Bxh5 Qxh5 17. Ne4 Rfe8 18. Qf1 a6 19. Rc4 Qg6 20. Nc5 Bxc5 21.
Rxc5 Rd5 22. Rac1 Rxc5 23. Rxc5 Rd8 24. a3 Rd5 25. Rc1 h6 26. b4 Qe4 27. Rc3 Rf5
28. f3 Qd5 29. Qe2 Qa2 30. Rc2 Qb3 31. Rc3 Qa2 32. Kh2 Rb5 33. Rc2 Qb3 34. e4
Kf8 35. Rc3 Qa2 36. d5 Nd4 37. Qf2 c5 38. Rxc5 Rxc5 39. bxc5 1-0

[Event "17th Asian Cities"]
[Site "Jakarta INA"]
[Date "2011.04.25"]
[Round "4.2"]
[White "So, Wesley"]
[Black "Kazhgaleyev, Murtas"]
[Result "1-0"]
[WhiteTitle "GM"]
[BlackTitle "GM"]
[WhiteElo "2667"]
[BlackElo "2618"]
[WhiteTeam "Tagaytay"]
[BlackTeam "Astana"]
[WhiteFideId "5202213"]
[BlackFideId "13700316"]
[EventDate "2011.04.22"]

1. d4 d5 2. c4 c6 3. Nc3 Nf6 4. e3 a6 5. Nf3 b5 6. b3 Bg4 7. h3 Bxf3 8. Qxf3 e6
9. Bd3 Nbd7 10. O-O Be7 11. Bb2 O-O 12. Rac1 Qa5 13. Rc2 Rab8 14. cxd5 cxd5 15.
Rfc1 Ba3 16. Bxa3 Qxa3 17. Nb1 Qa5 18. Qg3 Rfd8 19. a3 Qb6 20. Rc6 Qb7 21. Qc7
Qxc7 22. Rxc7 e5 23. Nd2 e4 24. Bf1 Nb6 25. R1c6 Nfd7 26. Nb1 Rbc8 27. Nc3 Rxc7
28. Rxc7 Kf8 29. Ra7 Nb8 30. a4 Rc8 31. Rb7 Rxc3 32. Rxb8+ Nc8 33. axb5 axb5 34.
Rxb5 Ne7 35. Bc4 g6 36. Bxd5 Nxd5 37. Rxd5 Rxb3 38. g4 f6 39. Rd7 h6 40. Rh7 Rb5
41. Rxh6 Kg7 42. Rh4 Rb2 43. g5 f5 44. Kg2 Re2 45. Rf4 Kf7 46. Kf1 Rd2 47. Rh4
Kg7 48. Rh6 f4 49. Rh4 f3 50. Kg1 1-0

[Event "17th Asian Cities"]
[Site "Jakarta INA"]
[Date "2011.04.25"]
[Round "4.2"]
[White "Jumabayev, Rinat"]
[Black "Antonio, Rogelio Jr"]
[Result "1-0"]
[WhiteTitle "GM"]
[BlackTitle "GM"]
[WhiteElo "2562"]
[BlackElo "2589"]
[WhiteTeam "Astana"]
[BlackTeam "Tagaytay"]
[WhiteFideId "13702661"]
[BlackFideId "5200032"]
[EventDate "2011.04.22"]

1. Nf3 Nf6 2. c4 e6 3. g3 b6 4. Bg2 Bb7 5. d4 Bb4+ 6. Bd2 Bxd2+ 7. Qxd2 O-O 8.
O-O d6 9. Qd3 c5 10. Nc3 cxd4 11. Qxd4 Nc6 12. Qf4 Qe7 13. Rfd1 Rfd8 14. e4 Rac8
15. b3 h6 16. Rd2 g5 17. Qe3 Ng4 18. Qe2 Qf6 19. Rc1 a6 20. h3 Nge5 21. Nh2 Na5
22. Rdd1 Qg7 23. Na4 Rc6 24. Qe1 Qf8 25. Qb4 d5 26. Qxf8+ Kxf8 27. exd5 exd5 28.
Rxd5 Rxd5 29. Bxd5 Rd6 30. Nc3 Bxd5 31. Rd1 b5 32. cxb5 axb5 33. Rxd5 Rxd5 34.
Nxd5 Nac6 35. Ng4 Nd3 36. a4 b4 37. Nge3 Nc5 38. Nc2 Nxb3 39. Ncxb4 Nca5 40. Nd3
Kg7 41. Kf1 f5 42. Ke2 Kf7 43. Nb6 Ke6 44. Nb2 Nc5 45. Ke3 h5 46. Kd4 Ncb3+ 47.
Kc3 Nc5 48. Kb4 Nab7 49. Kb5 Ke5 50. N6c4+ Kd4 51. Kb6 f4 52. gxf4 gxf4 53. Nd2
Nxa4+ 54. Nxa4 Kd3 55. Nf3 Ke2 56. Ng5 Kxf2 57. Kxb7 Kg2 58. Nc3 f3 59. Kc6 f2
60. Nd1 f1=N 61. Kd5 Kg3 62. Ke5 h4 63. Nc3 Ne3 64. Nce4+ Kg2 65. Kf4 Nd5+ 66.
Kg4 Ne3+ 67. Kxh4 Kh2 68. Nf3+ Kg2 69. Nd4 Kh2 70. Ng5 Kg2 71. Ne2 Nd5 72. Kg4
Kf2 73. Ne6 Ne3+ 74. Kg5 Ng2 75. N6f4 Ne1 76. Nd4 Ke3 77. Nf5+ Ke4 78. Kg4 Ke5
79. Ne3 Ke4 80. Ned5 Nf3 81. Nc3+ Ke3 82. Nfd5+ Kf2 83. Nd1+ 1-0

[Event "17th Asian Cities"]
[Site "Jakarta INA"]
[Date "2011.04.25"]
[Round "4.2"]
[White "Gomez, John Paul"]
[Black "Kotsur, Pavel"]
[Result "1/2-1/2"]
[WhiteTitle "GM"]
[BlackTitle "GM"]
[WhiteElo "2538"]
[BlackElo "2562"]
[WhiteTeam "Tagaytay"]
[BlackTeam "Astana"]
[WhiteFideId "5201381"]
[BlackFideId "13700278"]
[EventDate "2011.04.22"]

1. d4 Nf6 2. c4 e6 3. g3 d5 4. Nf3 Bb4+ 5. Bd2 Be7 6. Bg2 c6 7. Qc2 Nbd7 8. O-O
O-O 9. Rd1 b6 10. Bf4 Bb7 11. Nc3 dxc4 12. Nd2 Nd5 13. Nxc4 Nxf4 14. gxf4 Nf6
15. Rac1 Nd5 16. e3 Rc8 17. Ne5 Bd6 18. Ne4 Bb8 19. a3 f6 20. Nd3 Qe8 21. Ng3
Qg6 22. Nb4 Qxc2 23. Rxc2 Bd6 24. Rdc1 Bxb4 25. Bxd5 cxd5 26. axb4 Rxc2 27. Rxc2
Rc8 28. Rxc8+ Bxc8 29. Ne2 Ba6 30. Nc3 Bc4 31. f3 Kf7 32. Kf2 h6 33. h4 Kg6 34.
Kg3 Kh5 1/2-1/2

[Event "17th Asian Cities"]
[Site "Jakarta INA"]
[Date "2011.04.25"]
[Round "4.2"]
[White "Ismagambetov, Anuar"]
[Black "Laylo, Darwin"]
[Result "1-0"]
[WhiteTitle "GM"]
[BlackTitle "GM"]
[WhiteElo "2496"]
[BlackElo "2516"]
[WhiteTeam "Astana"]
[BlackTeam "Tagaytay"]
[WhiteFideId "13701525"]
[BlackFideId "5201330"]
[EventDate "2011.04.22"]

1. e4 c5 2. Nf3 e6 3. d4 cxd4 4. Nxd4 a6 5. Bd3 Nf6 6. O-O d6 7. c4 Nc6 8. Be3
g6 9. Nc3 Bg7 10. Nxc6 bxc6 11. e5 dxe5 12. Bc5 Bf8 13. Qf3 Rb8 14. Bxf8 Kxf8
15. Rad1 Nd7 16. Be4 Qe7 17. Bxc6 Rxb2 18. Ne4 Nb8 19. Qc3 Rb6 20. Ba4 f6 21. c5
Rb7 22. f4 Kg7 23. fxe5 f5 24. Nd6 Rc7 25. Qa5 Nc6 26. Bxc6 Rxc6 27. Rb1 Rf8 28.
Rb6 Qc7 29. Rc1 f4 30. Rc3 Kh8 31. Qb4 Bd7 32. Rb7 Qd8 33. Qd4 Be8 34. Rh3 h5
35. Qd3 Qg5 36. Nxe8 Qxe5 37. Rf3 Qxc5+ 38. Rf2 Qg5 39. Rc7 Rxc7 40. Nxc7 Rd8
41. Nxe6 Qe7 42. Qc3+ Kg8 43. Nxf4 1-0

[Event "17th Asian Cities"]
[Site "Jakarta INA"]
[Date "2011.04.25"]
[Round "4.3"]
[White "Barus, Cerdas"]
[Black "Nyi Nyi Lwin"]
[Result "1-0"]
[WhiteTitle "GM"]
[WhiteElo "2443"]
[BlackElo "2219"]
[WhiteTeam "Jakarta"]
[BlackTeam "Yangon"]
[WhiteFideId "7100094"]
[BlackFideId "13002481"]
[EventDate "2011.04.22"]

1. d4 Nf6 2. c4 e6 3. Nf3 d5 4. Nc3 Nbd7 5. Bg5 Be7 6. e3 h6 7. Bh4 a6 8. cxd5
exd5 9. Bd3 c6 10. Qc2 O-O 11. O-O Re8 12. Rab1 Ne4 13. Bg3 f5 14. Nxd5 Nxg3 15.
Nxe7+ Qxe7 16. hxg3 g6 17. b4 Nf6 18. Ne5 Kg7 19. Rfe1 Be6 20. a4 Rac8 21. Qb2
Bd5 22. Rbc1 h5 23. f3 Qd6 24. Bc4 Rcd8 25. Bd3 Re7 26. Qc3 Rde8 27. b5 axb5 28.
axb5 Rc8 29. bxc6 Bxc6 30. Qc5 Qd8 31. Nxg6 Rxe3 32. Rxe3 Bd7 33. Qe7+ Kxg6 34.
Qxd8 Rxd8 35. Re5 Ne8 36. Rd5 Nf6 37. Bxf5+ Kf7 38. Rxd7+ 1-0

[Event "17th Asian Cities"]
[Site "Jakarta INA"]
[Date "2011.04.25"]
[Round "4.3"]
[White "Kyaw Lin Naing"]
[Black "Purnama, Tirta Chandra"]
[Result "1/2-1/2"]
[WhiteTitle "FM"]
[BlackTitle "IM"]
[WhiteElo "2229"]
[BlackElo "2404"]
[WhiteTeam "Yangon"]
[BlackTeam "Jakarta"]
[WhiteFideId "13002953"]
[BlackFideId "7101422"]
[EventDate "2011.04.22"]

1. e4 e5 2. Nf3 Nc6 3. Bb5 a6 4. Ba4 Nf6 5. O-O Be7 6. d3 b5 7. Bb3 O-O 8. Nc3
d6 9. Nd5 Be6 10. Bd2 h6 11. h3 Nh7 12. a4 Qd7 13. c3 Nf6 14. axb5 axb5 15. Qe2
Rfe8 16. Rxa8 Rxa8 17. d4 Bxd5 18. Bxd5 Rb8 19. Ba2 exd4 20. cxd4 d5 21. exd5
Nxd5 22. Rc1 Bf6 23. Qe4 Nce7 24. Ne5 Bxe5 25. dxe5 Re8 26. Be3 c6 27. Rd1 Qe6
28. Bc5 Ng6 29. Bxd5 cxd5 30. Qxd5 Nxe5 31. Qxe6 Rxe6 32. Rd8+ Kh7 33. b4 Nc6
34. Rc8 Kg6 35. Rc7 Re1+ 36. Kh2 Nd8 37. Be7 Ne6 38. Rb7 Re5 39. Bd6 Rd5 40. Bc5
Nxc5 41. Rxb5 Rd2 42. Rxc5 Rxf2 1/2-1/2

[Event "17th Asian Cities"]
[Site "Jakarta INA"]
[Date "2011.04.25"]
[Round "4.3"]
[White "Megaranto, Susanto"]
[Black "Wynn Zaw Htun"]
[Result "1-0"]
[WhiteTitle "GM"]
[BlackTitle "IM"]
[WhiteElo "2533"]
[BlackElo "2382"]
[WhiteTeam "Jakarta"]
[BlackTeam "Yangon"]
[WhiteFideId "7101384"]
[BlackFideId "13002783"]
[EventDate "2011.04.22"]

1. e4 c5 2. Nf3 d6 3. c3 Nf6 4. h3 g6 5. Bd3 Bg7 6. O-O O-O 7. Bc2 Nc6 8. Re1 e5
9. d3 b5 10. Nbd2 Bb7 11. Nf1 Re8 12. Be3 Rc8 13. Qd2 Qa5 14. Bh6 Nd8 15. Ng3
Ne6 16. a3 Qc7 17. Rad1 Qe7 18. a4 a6 19. axb5 axb5 20. Ra1 Ra8 21. Rxa8 Rxa8
22. Be3 Qc7 23. d4 c4 24. Ng5 Nxg5 25. Bxg5 Nd7 26. Be3 Nf8 27. Ne2 Re8 28. Ra1
Ra8 29. Qc1 Qc8 30. d5 Nd7 31. b3 cxb3 32. Bxb3 Nc5 33. Bc2 Rxa1 34. Qxa1 Qa8
35. Qb1 Qa5 36. Kh2 Bf6 37. f3 Ba6 38. Bd2 Bc8 39. Nc1 Bd7 40. Na2 Na4 41. Bd3
h5 42. Nb4 Qc7 43. Qa1 Kg7 44. Qa3 Qc5 45. Nc2 Bd8 46. Qa1 h4 47. Qe1 Nb2 48.
Bf1 Nc4 49. Bxc4 bxc4 50. Qe2 Bb5 51. Be3 Qc7 52. Na3 Ba6 53. Qb2 Qa5 54. Nc2
Qa4 55. Qb8 Qd7 56. Nb4 Bc7 57. Qa7 Bb5 58. Bg5 Qc8 59. Bxh4 Bd8 60. Bf2 Bg5 61.
Qb6 Qd7 62. Be3 Bd8 63. Qb8 Ba5 64. Na2 Ba4 65. Bg5 Bb3 66. Nb4 Bxb4 67. Qxb4
Qc7 68. Qb5 f6 69. Bc1 Kf7 70. Ba3 Ke7 71. Qa6 Qb8 72. h4 Kd7 73. Bb4 Ke7 74. g4
Bd1 75. Kg3 Be2 76. h5 gxh5 77. gxh5 1-0

[Event "17th Asian Cities"]
[Site "Jakarta INA"]
[Date "2011.04.25"]
[Round "4.3"]
[White "Zaw Oo"]
[Black "Novita, Anjas"]
[Result "0-1"]
[WhiteTitle "FM"]
[BlackTitle "FM"]
[WhiteElo "2291"]
[BlackElo "2344"]
[WhiteTeam "Yangon"]
[BlackTeam "Jakarta"]
[WhiteFideId "13000195"]
[BlackFideId "7100949"]
[EventDate "2011.04.22"]

1. d4 Nf6 2. c4 e6 3. Nf3 d5 4. g3 c6 5. Bg2 Bd6 6. Qc2 O-O 7. O-O Nbd7 8. Rd1
Qe7 9. Nbd2 Re8 10. e4 dxe4 11. Nxe4 Nxe4 12. Qxe4 e5 13. Bg5 Qf8 14. dxe5 Nxe5
15. Nxe5 Bxe5 16. Re1 g6 17. Bf6 Bf5 18. Qh4 Bxf6 19. Qxf6 Qb4 20. Rxe8+ Rxe8
21. Bf1 Qd2 22. b3 Re6 23. Qh4 Kg7 24. Qf4 Qxf4 25. gxf4 Rd6 26. Kg2 Rd2 27. Kf3
Kf6 28. Ke3 Rb2 29. c5 Bb1 30. Bc4 Bxa2 31. Kd3 Rxf2 32. Kc3 a5 33. Bd3 a4 34.
bxa4 Rxh2 35. Bc2 Bc4 36. Rd1 Ba6 37. Rd7 Re2 38. Rd6+ Ke7 39. f5 gxf5 40. Rh6
f4 41. Rxh7 f3 42. Bg6 f2 43. Rxf7+ Kd8 44. Rf8+ Kc7 45. Bf5 b6 46. Rf7+ Kd8 47.
Bh3 Re3+ 0-1

[Event "17th Asian Cities"]
[Site "Jakarta INA"]
[Date "2011.04.25"]
[Round "4.4"]
[White "Halay, Taufik"]
[Black "AlHuwar, Jasem"]
[Result "1-0"]
[WhiteTitle "IM"]
[BlackTitle "FM"]
[WhiteElo "2346"]
[BlackElo "2334"]
[WhiteTeam "Palembang"]
[BlackTeam "Abu Dhabi"]
[WhiteFideId "7101392"]
[BlackFideId "9300465"]
[EventDate "2011.04.22"]

1. d4 Nf6 2. c4 c5 3. d5 g6 4. Nc3 d6 5. e4 Bg7 6. f4 O-O 7. Nf3 e6 8. Be2 exd5
9. cxd5 Re8 10. e5 dxe5 11. fxe5 Ng4 12. e6 fxe6 13. d6 Nc6 14. O-O Nd4 15. Ne4
Bd7 16. Bg5 Qb6 17. Nxd4 Bxd4+ 18. Kh1 Bc6 19. d7 Red8 20. Bc4 Bxe4 21. Qxg4 Bf5
22. Bxd8 Bxg4 23. Bxb6 axb6 24. Rae1 Rd8 25. h3 b5 26. Bxb5 1-0

[Event "17th Asian Cities"]
[Site "Jakarta INA"]
[Date "2011.04.25"]
[Round "4.4"]
[White "Faisal, Abdulla"]
[Black "Kasmiran"]
[Result "0-1"]
[BlackTitle "FM"]
[WhiteElo "2275"]
[BlackElo "2346"]
[WhiteTeam "Abu Dhabi"]
[BlackTeam "Palembang"]
[WhiteFideId "9301232"]
[BlackFideId "7100620"]
[EventDate "2011.04.22"]

1. e4 c5 2. Nf3 Nc6 3. c3 Nf6 4. e5 Nd5 5. d4 cxd4 6. Bc4 Nb6 7. Bb3 d5 8. exd6
Qxd6 9. O-O Be6 10. Bxe6 Qxe6 11. cxd4 Rd8 12. Nc3 Qd7 13. Qb3 e6 14. Be3 Be7
15. Ne5 Qc8 16. Rac1 O-O 17. Nb5 Qa8 18. Nc7 Qb8 19. Nxc6 bxc6 20. Rxc6 Bd6 21.
Rfc1 Rd7 22. Na6 Bxh2+ 23. Kh1 Qb7 24. Kxh2 Qxa6 25. d5 Rxd5 26. Bxb6 axb6 27.
Rxb6 Qe2 28. Qf3 Qd2 29. Qe3 Rh5+ 30. Kg1 Qd5 31. a4 Rd8 32. f3 Re5 33. Qc3 Re2
34. Rb5 Qd6 35. Qc7 Qd4+ 36. Kh1 Qh4+ 37. Qh2 Re1+ 38. Rxe1 Qxe1+ 0-1

[Event "17th Asian Cities"]
[Site "Jakarta INA"]
[Date "2011.04.25"]
[Round "4.4"]
[White "Tirto"]
[Black "Khouri, Ahmed Abbas"]
[Result "1-0"]
[WhiteTitle "IM"]
[BlackTitle "FM"]
[WhiteElo "2337"]
[BlackElo "2013"]
[WhiteTeam "Palembang"]
[BlackTeam "Abu Dhabi"]
[WhiteFideId "7101058"]
[BlackFideId "9301518"]
[EventDate "2011.04.22"]

1. d4 Nf6 2. c4 e6 3. g3 c5 4. Nf3 cxd4 5. Nxd4 Qb6 6. Nc3 Bc5 7. e3 Nc6 8. Nb3
Bb4 9. Bg2 Ne5 10. Qe2 Qc7 11. c5 Bxc5 12. f4 Ng6 13. Nb5 Bb4+ 14. Kf2 Qb6 15.
Qc4 Ne4+ 16. Ke2 O-O 17. Qxb4 a6 18. N3d4 axb5 19. h3 Nf6 20. Qxb5 Qxb5+ 21.
Nxb5 d5 22. Bd2 b6 23. Kf2 Bd7 24. Nd6 Ne8 25. Nxe8 Rfxe8 26. e4 dxe4 27. Bxe4
Rac8 28. Rhc1 Ne7 29. a4 Rxc1 30. Bxc1 Nd5 31. Be3 Nxe3 32. Kxe3 e5 33. f5 Kf8
34. b4 Rc8 35. a5 bxa5 36. bxa5 Rc7 37. a6 Ra7 38. Ra5 f6 39. g4 Ke7 40. h4 Kd6
41. g5 Kc7 42. Ra1 Bc8 43. Bd3 Kb6 44. Rb1+ Kc7 45. Rc1+ Kb8 46. Rc3 Bd7 47.
Rb3+ Kc7 48. Rb1 Bc8 49. Rc1+ Kb8 50. gxf6 gxf6 51. Rc6 Rf7 52. Bc4 1-0

[Event "17th Asian Cities"]
[Site "Jakarta INA"]
[Date "2011.04.25"]
[Round "4.4"]
[White "Zayed, Ali Al-hamed"]
[Black "Kaisar, Jenius Hakiki"]
[Result "0-1"]
[WhiteElo "1928"]
[BlackElo "2251"]
[WhiteTeam "Abu Dhabi"]
[BlackTeam "Palembang"]
[WhiteFideId "9303340"]
[BlackFideId "7102097"]
[EventDate "2011.04.22"]

1. e4 c5 2. Nf3 d6 3. d4 cxd4 4. Qxd4 Nc6 5. Bb5 e5 6. Qd3 Be7 7. Bxc6+ bxc6 8.
c4 Nf6 9. Nc3 O-O 10. O-O Qc7 11. Bg5 h6 12. Bh4 Be6 13. h3 g5 14. Bg3 Nd7 15.
Rad1 a5 16. b3 Nc5 17. Qe3 Rfb8 18. Rb1 Rb4 19. h4 f6 20. Nd2 a4 21. a3 Rxb3 22.
Nxb3 axb3 23. Qe2 Qa5 24. Rfc1 Qxa3 25. f3 Qa6 26. Nd1 d5 27. exd5 cxd5 28. Ra1
Qxa1 29. Rxa1 Rxa1 30. cxd5 b2 31. Qxb2 Rxd1+ 32. Kh2 Rxd5 33. hxg5 hxg5 34. Bf2
Nd3 35. Qb8+ Rd8 36. Qc7 Kf7 37. Be3 Rc8 38. Qa7 Rc2 39. Bb6 Rc8 40. Qb7 f5 41.
g4 Nf4 42. gxf5 Bxf5 43. Bc7 Rh8+ 44. Kg3 Rh3+ 45. Kf2 Bc5+ 46. Ke1 Rh1+ 47. Kd2
Rh2+ 48. Ke1 Re2+ 0-1

[Event "17th Asian Cities"]
[Site "Jakarta INA"]
[Date "2011.04.25"]
[Round "4.5"]
[White "Al-Ali, Hussein Ali Hussein"]
[Black "Sukandar, Irine Kharisma"]
[Result "0-1"]
[WhiteTitle "FM"]
[BlackTitle "WGM"]
[WhiteElo "2377"]
[BlackElo "2354"]
[WhiteTeam "Baghdad"]
[BlackTeam "Tarakan"]
[WhiteFideId "4800192"]
[BlackFideId "7101937"]
[EventDate "2011.04.22"]

1. e4 e5 2. Nf3 Nc6 3. Be2 Nf6 4. d3 d5 5. Nbd2 dxe4 6. dxe4 Bc5 7. O-O O-O 8.
c3 a5 9. a4 Qe7 10. Qc2 h6 11. Nc4 Re8 12. Be3 Be6 13. b3 Rad8 14. h3 Bxe3 15.
Nxe3 Nh5 16. Rfd1 Nf4 17. Bb5 Qf6 18. h4 Rf8 19. Bxc6 bxc6 20. g3 Nh5 21. Nh2
Rb8 22. c4 Qe7 23. Qc3 Qc5 24. Nf3 Nf6 25. Qxe5 Qxe5 26. Nxe5 Rxb3 27. Nxc6 Nxe4
28. Ra2 Nc3 29. Rda1 Nxa2 30. Rxa2 Ra8 31. Ra1 Rc3 32. Rb1 Bxc4 33. Rb7 Be6 34.
Nd4 Rd8 35. Nxe6 fxe6 36. Rb5 Ra8 37. Re5 Ra6 38. Kg2 Kf7 39. h5 Kf6 40. Re4 Rb6
41. Ng4+ Ke7 42. Ne3 Rc5 43. Rg4 Kf7 44. Rd4 Rxh5 45. Rd7+ Kg8 46. Rxc7 Rb4 47.
g4 Rg5 48. Kg3 Rxa4 49. Nc4 Rd5 50. f3 Rb4 51. Ne3 Rd3 52. Rc8+ Kh7 53. Ng2 Rbb3
54. Ne1 Re3 55. Kf2 Rxe1 56. Kxe1 Rxf3 57. Rc4 Kg6 58. Ke2 Rb3 59. Re4 Kf6 60.
Rf4+ Ke7 61. Rc4 Rb4 62. Rc7+ Kf6 63. Kf3 a4 64. Ra7 Rb3+ 65. Kg2 a3 66. Ra5 e5
67. Kf2 Kg5 0-1

[Event "17th Asian Cities"]
[Site "Jakarta INA"]
[Date "2011.04.25"]
[Round "4.5"]
[White "Medina, Warda Aulia"]
[Black "Ahmad, AzizJawad Obada"]
[Result "0-1"]
[WhiteTitle "WFM"]
[BlackTitle "IM"]
[WhiteElo "2035"]
[BlackElo "2348"]
[WhiteTeam "Tarakan"]
[BlackTeam "Baghdad"]
[WhiteFideId "7101570"]
[BlackFideId "4800680"]
[EventDate "2011.04.22"]

1. e4 c5 2. Nf3 Nc6 3. d4 cxd4 4. Nxd4 Nf6 5. Nc3 e5 6. Ndb5 d6 7. Bg5 a6 8. Na3
b5 9. Nd5 Be7 10. Bxf6 Bxf6 11. c3 Bg5 12. Nc2 O-O 13. h4 Bh6 14. g4 f6 15. Nce3
Ne7 16. Nxe7+ Qxe7 17. Qd5+ Be6 18. Nf5 Qd7 19. Nxh6+ gxh6 20. Qd2 Bxg4 21. Rg1
Kh8 22. Be2 Bxe2 23. Qxe2 f5 24. O-O-O Rf6 25. Qe3 fxe4 26. Qxe4 Re8 27. Rd2 a5
28. Qd5 b4 29. c4 a4 30. Rg3 Qc7 31. b3 a3 32. Rg4 Ref8 33. Rg3 Qf7 34. Qg2 h5
35. Kd1 Rf4 36. Rg5 Qf6 37. Qg3 e4 38. Ke1 Qa1+ 39. Rd1 Qxa2 0-1